000 01225nmc a2200325 a 4500
003 AR-BaBNM
005 20251128203753.0
008 257019s1972 ||||||||||||||000 | spa||
040 _cAR-BaBNM
100 1 _aSullivan, Dorothea F.
245 1 0 _aCómo asistir a una conferencia ;
_bCómo ayudar a los grupos a tomar decisiones
250 _a1ª ed.
260 _aMéxico, D.F.
_bDiana
_bCentro Regional de Ayuda Técnica. Agencia para el Desarrollo Internacional
_c1972
300 0 _ap. irreg.
_bdiagr.
490 0 _aBiblioteca para el director de grupos
_vv. 9
490 0 _vv. 10
500 1 _aEsta publicación ha sido preparada conjuntamente por la editorial y el Centro Regional de Ayuda Técnica, Agencia para el Desarrollo Internacional AID, Departamento de Estado del Gobierno de los Estados Unidos de América.
504 _aContiene bibliografía
650 4 _aGRUPOS
650 4 _aGRUPOS DE DISCUSION
650 4 _aACTIVIDADES EN GRUPO
650 4 _aCONFERENCIAS
650 4 _aESTRUCTURA DEL GRUPO
650 4 _aTOMA DE DECISIONES
650 4 _aANIMADORES DE GRUPOS DE ADULTOS
700 1 _aElliot, Grace L.
700 1 _aCárdenas Barrios, René
_etraductor
942 _cBK
998 _csilvi
999 _c4872
_d4872